=LDR 00000nam 2200000 4500 =001 001113 =005 20250713125301 =035 ##$$a 0010-0725000997 =007 ta =008 250713################a##########0#ind## =020 ##$$a 978-623-472-226-0 =082 ##$$a 398.209 598 =084 ##$$a 398.209 598 KUM j =100 #$$a Kumar mala =245 1#$$a Jalan atau kebun binatang /$c Mala kumar =250 ##$$a Cetakan pertama =260 ##$$a Rawamangun :$b Badan pengembangan dan pembinaan bahasa,$c 2022 =300 ##$$a 20 hlm. : $b Ilus. ; $c 22,9 cm. =650 #4$$a Cerita anak indonesia-terjemahan =650 #4$$a Literasi-bahan bacaan =700 #$$a Chaudry manisha